{"text_format":"3","workbook":"xlsx","n_sheets":2,"sheets":["甲供材料","甲供材料（扣砼） (2)"],"read":"whole","date_system":"1900"}

{"sheet":"甲供材料","index":0,"n_rows":40,"n_cols":9,"rows_kept":40,"hidden":true,"merged":[[0,0,0,8],[1,0,1,2],[1,3,1,5],[1,6,1,8],[2,2,2,3],[2,5,2,6],[3,2,3,3],[3,5,3,6],[4,2,4,3],[4,5,4,6],[5,2,5,3],[5,5,5,6],[6,2,6,3],[6,5,6,6],[7,2,7,3],[7,5,7,6],[8,2,8,3],[8,5,8,6],[9,2,9,3],[9,5,9,6],[10,2,10,3],[10,5,10,6],[11,2,11,3],[11,5,11,6],[12,2,12,3],[12,5,12,6],[13,2,13,3],[13,5,13,6],[14,2,14,3],[14,5,14,6],[15,2,15,3],[15,5,15,6],[16,2,16,3],[16,5,16,6],[17,2,17,3],[17,5,17,6],[18,2,18,3],[18,5,18,6],[19,2,19,3],[19,5,19,6],[20,2,20,3],[20,5,20,6],[21,2,21,3],[21,5,21,6],[22,2,22,3],[22,5,22,6],[23,2,23,3],[23,5,23,6],[24,2,24,3],[24,5,24,6],[25,2,25,3],[25,5,25,6],[26,2,26,3],[26,5,26,6],[27,2,27,3],[27,5,27,6],[28,2,28,3],[28,5,28,6],[29,2,29,3],[29,5,29,6],[30,2,30,3],[30,5,30,6],[31,2,31,3],[31,5,31,6],[32,2,32,3],[32,5,32,6],[33,2,33,3],[33,5,33,6],[34,2,34,3],[34,5,34,6],[35,2,35,3],[35,5,35,6],[36,2,36,3],[36,5,36,6],[37,2,37,3],[37,5,37,6],[38,2,38,3],[38,5,38,6],[39,2,39,3],[39,5,39,6],[40,2,40,3],[40,5,40,6],[41,2,41,3],[41,5,41,6],[42,2,42,3],[42,5,42,6],[43,2,43,3],[43,5,43,6],[44,2,44,3],[44,5,44,6],[45,2,45,3],[45,5,45,6],[46,2,46,3],[46,5,46,6],[47,2,47,3],[47,5,47,6],[48,2,48,3],[48,5,48,6],[49,2,49,3],[49,5,49,6],[50,2,50,3],[50,5,50,6],[51,2,51,3],[51,5,51,6]]}
["甲供材料表"]
["工程名称：花湖污水处理厂配套设施用房工程项目",{"$nulls":5},"第 1 页  共 2 页"]
["编码","名称","规格型号",null,"单位","数量",null,"单价","合价"]
["CL17056790","陶瓷地砖 综合",null,null,"m2",69.364,null,54.41,3774.1]
["CL17034830","沥青瓦 1000*333",null,null,"块",12973.449,null,18.01,233651.82]
["CL17021060","钢筋HPB300 φ4",null,null,"kg",806.016,null,4.5,3627.07]
["CL17066570","圆钢 综合",null,null,"t",0.257,null,4139.83,1063.94]
["CL17065400","预拌混凝土 C15",null,null,"m3",128.41,null,472.58,60684]
["CL17021400","钢筋HRB400以内 φ8",null,null,"kg",7668.36,null,4.07,31210.23]
["CL17021400","钢筋HRB400以内 φ6",null,null,"kg",827.22,null,4.38,3623.22]
["CL17021410","钢筋HRB400以内 φ18",null,null,"kg",6766.025,null,3.8,25710.9]
["CL17021410","钢筋HRB400以内 φ16",null,null,"kg",2009,null,3.82,7674.38]
["CL17021410","钢筋HRB400以内 φ14",null,null,"kg",215.25,null,3.89,837.32]
["CL17021410","钢筋HRB400以内 φ12",null,null,"kg",2726.5,null,3.93,10715.15]
["CL17021400","钢筋HRB400以内 φ10",null,null,"kg",1176.06,null,3.98,4680.72]
["CL17021190","钢筋HPB300 φ8",null,null,"kg",4.08,null,4.14,16.89]
["CL17021180","钢筋HPB300 φ6.5",null,null,"kg",473.28,null,4.14,1959.38]
["CL17021050","钢筋HPB300 φ10",null,null,"kg",496.74,null,4.14,2056.5]
["CL17021040","钢筋 综合",null,null,"kg",61.619,null,4.14,255.1]
["CL17066570","圆钢 综合",null,null,"t",0.273,null,4259.1,1162.73]
["CL17021060","钢筋HPB300 φ4",null,null,"kg",838.805,null,4.14,3472.65]
["CL17058360","铜芯塑料绝缘电线","BV-16",null,"m",9.18,null,6.04,55.45]
["CL17058370","铜芯塑料绝缘电线","BV-2.5",null,"m",432.927,null,1.6,692.68]
["CL17058400","铜芯塑料绝缘电线","BV-4",null,"m",27.256,null,2.47,67.32]
["CL17058490","铜芯塑料绝缘软电线","BVR-4",null,"m",333.943,null,2.5,834.86]
["CL17058500","铜芯塑料绝缘软电线","BVR-6",null,"m",37.833,null,3.63,137.33]
["CL17058530","铜芯橡皮绝缘电线","BX-2.5",null,"m",0.96,null,1.62,1.56]
["CL17058470","铜芯塑料绝缘软电线","BVR-2.5",null,"m",4.581,null,1.36,6.23]
["CL17065570","预拌细石混凝土 C20",null,null,"m3",151.824,null,487.12,73956.51]
["CL17010660","地砖 600*600",null,null,"m2",2489.108,null,60,149346.48]
["CL17010650","地砖 300*300",null,null,"m2",227.229,null,54.41,12363.53]
["CL17065450","预拌混凝土 C30",null,null,"m3",196.87,null,511.34,100667.51]
["CL17065430","预拌混凝土 C25",null,null,"m3",19.165,null,496.81,9521.36]
["CL17065410","预拌混凝土 C20",null,null,"m3",16.538,null,487.12,8055.99]
["CL17069950","自粘聚合物改性沥青防水卷材 3",null,null,"m2",5346.425,null,34.4,183917.02]
["CL17069950","自粘聚合物改性沥青防水卷材 4",null,null,"m2",378.286,null,34.4,13013.04]
["CL17056830","陶粒混凝土 25#",null,null,"m3",23.19,null,710,16464.9]
[]
[]
[null,"合计",{"$nulls":6},{"$f":"SUM(I4:I37)","v":965277.87}]

{"sheet":"甲供材料（扣砼） (2)","index":1,"n_rows":35,"n_cols":11,"rows_kept":35,"merged":[[0,0,0,8],[1,0,1,3],[1,4,1,8],[2,0,3,0],[2,1,3,1],[2,2,3,2],[2,3,3,4],[2,6,3,6],[2,7,2,8],[4,3,4,4],[5,3,5,4],[6,3,6,4],[7,3,7,4],[8,3,8,4],[9,3,9,4],[10,3,10,4],[11,3,11,4],[12,3,12,4],[13,3,13,4],[14,3,14,4],[15,3,15,4],[16,3,16,4],[17,3,17,4],[18,3,18,4],[19,3,19,4],[20,3,20,4],[21,3,21,4],[22,3,22,4],[23,3,23,4],[24,3,24,4],[25,3,25,4],[26,3,26,4],[27,3,27,4],[28,3,28,4],[29,3,29,4],[30,3,30,4],[31,3,31,4],[32,3,32,4],[33,3,33,4],[34,0,34,7]]}
["材料表"]
["工程名称：花湖污水处理厂配套设施用房工程项目",{"$nulls":3},"第 1 页  共 1 页"]
["编码","名称","单位","数量",null,"单价","最高限价","报价（含税）",null,"税金9%","含税价"]
[{"$nulls":7},"单价（元）","合价（元）"]
["CL17056790","陶瓷地砖 综合","m2",69.364,null,54.41,{"v":53.37621,"d":"53.38"},null,null,{"$f":"I5*0.09","v":{"v":0,"d":"0.00"}},{"$f":"I5+J5","v":{"v":0,"d":"0.00"}}]
["CL17034830","沥青瓦 1000*333","块",12973.449,null,17.7,{"v":17.3637,"d":"17.36"},null,null,{"$f":"I6*0.09","v":{"v":0,"d":"0.00"}},{"$f":"I6+J6","v":{"v":0,"d":"0.00"}}]
["CL17021060","钢筋HPB300 φ4","kg",806.016,null,4.5,{"v":4.4145,"d":"4.41"},null,null,{"$f":"I7*0.09","v":{"v":0,"d":"0.00"}},{"$f":"I7+J7","v":{"v":0,"d":"0.00"}}]
["CL17066570","圆钢 综合","t",0.257,null,4139.83,{"v":4061.17323,"d":"4061.17"},null,null,{"$f":"I8*0.09","v":{"v":0,"d":"0.00"}},{"$f":"I8+J8","v":{"v":0,"d":"0.00"}}]
["CL17021400","钢筋HRB400以内 φ8","kg",7668.36,null,4.07,{"v":3.99267,"d":"3.99"},null,null,{"$f":"I9*0.09","v":{"v":0,"d":"0.00"}},{"$f":"I9+J9","v":{"v":0,"d":"0.00"}}]
["CL17021400","钢筋HRB400以内 φ6","kg",827.22,null,4.38,{"v":4.29678,"d":"4.30"},null,null,{"v":0,"d":"0.00"},{"v":0,"d":"0.00"}]
["CL17021410","钢筋HRB400以内 φ18","kg",6766.025,null,3.8,{"v":3.7278,"d":"3.73"},null,null,{"v":0,"d":"0.00"},{"v":0,"d":"0.00"}]
["CL17021410","钢筋HRB400以内 φ16","kg",2009,null,3.82,{"v":3.74742,"d":"3.75"},null,null,{"v":0,"d":"0.00"},{"v":0,"d":"0.00"}]
["CL17021410","钢筋HRB400以内 φ14","kg",215.25,null,3.89,{"v":3.81609,"d":"3.82"},null,null,{"v":0,"d":"0.00"},{"v":0,"d":"0.00"}]
["CL17021410","钢筋HRB400以内 φ12","kg",2726.5,null,3.93,{"v":3.85533,"d":"3.86"},null,null,{"v":0,"d":"0.00"},{"v":0,"d":"0.00"}]
["CL17021400","钢筋HRB400以内 φ10","kg",1176.06,null,3.98,{"v":3.90438,"d":"3.90"},null,null,{"v":0,"d":"0.00"},{"v":0,"d":"0.00"}]
["CL17021190","钢筋HPB300 φ8","kg",4.08,null,4.14,{"v":4.06134,"d":"4.06"},null,null,{"v":0,"d":"0.00"},{"v":0,"d":"0.00"}]
["CL17021180","钢筋HPB300 φ6.5","kg",473.28,null,4.14,{"v":4.06134,"d":"4.06"},null,null,{"v":0,"d":"0.00"},{"v":0,"d":"0.00"}]
["CL17021050","钢筋HPB300 φ10","kg",496.74,null,4.14,{"v":4.06134,"d":"4.06"},null,null,{"v":0,"d":"0.00"},{"v":0,"d":"0.00"}]
["CL17021040","钢筋 综合","kg",61.619,null,4.14,{"v":4.06134,"d":"4.06"},null,null,{"v":0,"d":"0.00"},{"v":0,"d":"0.00"}]
["CL17066570","圆钢 综合","t",0.273,null,4259.1,{"v":4178.1771,"d":"4178.18"},null,null,{"v":0,"d":"0.00"},{"v":0,"d":"0.00"}]
["CL17021060","钢筋HPB300 φ4","kg",838.805,null,4.14,{"v":4.06134,"d":"4.06"},null,null,{"v":0,"d":"0.00"},{"v":0,"d":"0.00"}]
["CL17058360","铜芯塑料绝缘电线","m",9.18,null,6.04,{"v":5.92524,"d":"5.93"},null,null,{"v":0,"d":"0.00"},{"v":0,"d":"0.00"}]
["CL17058370","铜芯塑料绝缘电线","m",432.927,null,1.6,{"v":1.5696,"d":"1.57"},null,null,{"v":0,"d":"0.00"},{"v":0,"d":"0.00"}]
["CL17058400","铜芯塑料绝缘电线","m",27.256,null,2.47,{"v":2.42307,"d":"2.42"},null,null,{"v":0,"d":"0.00"},{"v":0,"d":"0.00"}]
["CL17058490","铜芯塑料绝缘软电线","m",333.943,null,2.5,{"v":2.4525,"d":"2.45"},null,null,{"v":0,"d":"0.00"},{"v":0,"d":"0.00"}]
["CL17058500","铜芯塑料绝缘软电线","m",37.833,null,3.63,{"v":3.56103,"d":"3.56"},null,null,{"v":0,"d":"0.00"},{"v":0,"d":"0.00"}]
["CL17058530","铜芯橡皮绝缘电线","m",0.96,null,1.62,{"v":1.58922,"d":"1.59"},null,null,{"v":0,"d":"0.00"},{"v":0,"d":"0.00"}]
["CL17058470","铜芯塑料绝缘软电线","m",4.581,null,1.36,{"v":1.33416,"d":"1.33"},null,null,{"v":0,"d":"0.00"},{"v":0,"d":"0.00"}]
["CL17010660","地砖 600*600","m2",2489.108,null,60,58.86,null,null,{"v":0,"d":"0.00"},{"v":0,"d":"0.00"}]
["CL17010650","地砖 300*300","m2",227.229,null,54.41,{"v":53.37621,"d":"53.38"},null,null,{"v":0,"d":"0.00"},{"v":0,"d":"0.00"}]
["CL17069950","自粘聚合物改性沥青防水卷材 3","m2",5346.425,null,34.4,{"v":33.7464,"d":"33.75"},null,null,{"v":0,"d":"0.00"},{"v":0,"d":"0.00"}]
["CL17069950","自粘聚合物改性沥青防水卷材 4","m2",378.286,null,34.4,{"v":33.7464,"d":"33.75"},null,null,{"v":0,"d":"0.00"},{"v":0,"d":"0.00"}]
[{"$nulls":10},{"$f":"I33+J33","v":{"v":0,"d":"0.00"}}]
[]
["合计：",{"$nulls":8},{"$f":"SUM(J5:J32)","v":{"v":0,"d":"0.00"}},{"$f":"SUM(K5:K32)","v":{"v":0,"d":"0.00"}}]